| 000 | 00465nam a2200133Ia 4500 | ||
|---|---|---|---|
| 008 | 231129s9999||||xx |||||||||||||| ||spa|| | ||
| 020 | _a84-7232-329-3 | ||
| 040 | _bspa | ||
| 082 | _a946.05 M298e | ||
| 100 | _aMaravall Jose Antonio | ||
| 245 | 0 | _aEstudios de historia del pensamiento EspaƱol: La Epoca del Renacimiento | |
| 264 | _aEdiciones Cultura Hispanica del Instituto de Cooperacion Iberoamericana | ||
| 942 |
_2ddc _cBKS |
||
| 999 |
_c13663 _d13663 |
||